LDR 00894naa#a2200193#i#450# 001 RU\\bibl\120255 005 20260417033640.5 011 ## _a1819-4036 100 ## _a20210331b2021####ek#y0rusy0150####ca 102 ## _aRU 200 1# _aВЛИЯНИЕ СРОКОВ ПОСЕВА НА СОДЕРЖАНИЕ БЕЛКА И УРОЖАЙНОСТЬ СОРТОВ ЯРОВОГО ТРИТИКАЛЕ В ПРЕДБАЙКАЛЬЕ _eЖурнальная статья 210 1# _aКрасноярск _cКрасноярский государственный аграрный университет _d2021 215 ## _a5 с. 608 ## _aЖурнальная статья _2local 675 ## _aПолеводство. 633 _z 700 #1 _aТетеревская _gАлександра Дмитриевна 700 #1 _aСолодун _gВ И 700 #1 _aБояркин _gЕвгений Викторович 856 4# _avestnik.kgau.ru _u